Fifa 17 Non Rares - Statistics

General Stats
  • This quiz has been taken 20 times
  • The average score is 3 of 15
Answer Stats
Club Player % Correct
Barcelona Alcacer
55%
Las Palmas Mesa
45%
Sevilla Vitolo
45%
Koln Hector
36%
Monchengladbach Stindl
27%
Barcelona Cillessen
18%
Benfica Ederson
18%
Schalke Huntelaar
18%
Berlin Kalou
18%
Sevilla Krohn Dehli
18%
Middlesbrough Negredo
18%
Monaco Silva
18%
Frankfurt Hradecky
9%
Benfica Mitroglou
0%
Sporting Ruiz
0%
No matching quizzes found
Score Distribution
Percent of People with Each Score
Percentile by Number Answered
Your Score History
You have not taken this quiz